000 00519nam a2200169Ia 4500
008 231221s9999 xx 000 0 und d
041 _aEnglish
082 _a001.6424LIN BEC
100 _aBeck, Michael. Bohme,Harald. Dziadzka,Mirko etc.
245 0 _aLinux Kernel programming : algorithms and structures of version 2.4
250 _a2nd ed.
260 _c2000
_bAddison-Wesley
300 _aXVI+480
300 _c23575
650 _aLinux,Kernel,programming,:,algorithms,structures,version,2.4
942 _cCD
999 _c202682
_d202682